| 000 | 00443nam a2200157 a 4500 | ||
|---|---|---|---|
| 001 | 645 | ||
| 003 | CDMR | ||
| 005 | 20130315105842.0 | ||
| 008 | 130130s1986||||||||||||||||||||||||||||d | ||
| 020 | _a8476520093 | ||
| 040 |
_aCDMR _bcat _cCDMR |
||
| 100 | 1 |
_aPuig, Jaime Jesús _9488 |
|
| 245 | 1 | 0 |
_aCómo ser guionista de cine, radio y T.V. _b: teoría, práctica, modelos de guión _cJaime J. Puig |
| 260 |
_aBarcelona _c1986 _bMitre |
||
| 942 |
_cMON _2udc |
||
| 999 |
_c645 _d645 |
||